|
|
|
|
| LEADER |
00000nam a22000007a 4500 |
| 005 |
20190830234752.0 |
| 007 |
cr|||| |||| |
| 008 |
190830s2018 br |||||s|||| 00||0 por d |
| 020 |
|
|
|a 978-85-361-9862-0
|
| 035 |
|
|
|a 24723
|
| 040 |
|
|
|a vLex
|
| 090 |
|
|
|c 9349
|d 9349
|
| 245 |
0 |
1 |
|a O Primeiro Ano de Vign̊cia da Lei n. 13.467/2017 (Reforma Trabalhista)
|h [Recurso electrn̤ico] :
|b Reflexe̳s e Aspectos Prt̀icos
|
| 256 |
|
|
|a Servicio en ln̕ea
|
| 260 |
|
|
|a San Pablo:
|b LTR,
|c 2018
|
| 300 |
|
|
|a 1 recurso electrn̤ico
|
| 506 |
1 |
|
|a Disponible solo en los productos indicados
|d vLex Global
|d vLex Global (Academic Edition, excluding Law Schools)
|d vLex Global (U.S. Academic Edition, Law Schools)
|d vLex Global (U.S. Academic Edition, excluding Law Schools)
|d vLex Global (Academic Edition, Law Schools)
|
| 650 |
0 |
4 |
|a Derecho Laboral y Seguridad Social
|z Brasil
|
| 740 |
0 |
|
|a vLex Libros (Servicio en ln̕ea)
|
| 856 |
4 |
0 |
|u http://vlex.com/source/primeiro-ano-vig-ncia-lei-n-13-467-2017-reforma-trabalhista-reflex-es-aspectos-praticos-24723
|z Acceso restringido
|
| 942 |
|
|
|c BOOK
|
| 999 |
0 |
|
|a Labor law and social security
|